Á lódáil...
Trade Union as a factor in political socialisation A study if its role in FACT kerala /
| Príomhúdar: | |
|---|---|
| Teanga: | Undetermined |
| Foilsithe: |
1993.
|
| LEADER | 00467nam a2200121Ia 4500 | ||
|---|---|---|---|
| 001 | 105362 | ||
| 008 | 170722s9999 xx 000 0 und d | ||
| 100 | |a Moni Susan Thomas | ||
| 245 | |a Trade Union as a factor in political socialisation |b A study if its role in FACT kerala / | ||
| 260 | |c 1993. | ||
| 942 | |c GEN | ||
| 999 | |c 164660 |d 164660 | ||
| 952 | |0 0 |1 0 |4 0 |6 X_97DOBYW_212_000000000000000_N3_RT |7 0 |9 229076 |a LIB |b LIB |d 2017-08-12 |o X:97DobY:(W).212 N3 (RT) |p G28209 |r 2017-08-12 |w 2017-08-12 |y GEN | ||